| 000 | 01111cam a2200301 4500 | ||
|---|---|---|---|
| 001 | M2054 | ||
| 008 | 090401t1996 xxu||||| |||| 00| 0 eng d | ||
| 035 | _a(Sirsi) u96302 | ||
| 041 | _aeng | ||
| 110 |
_aRoyal Institution of Chartered Surveyors _94900 |
||
| 245 | _aHouse of Commons Environment Select Committee : an inquiry into the Rural White Paper : a joint submission of evidence by the Royal Institution of Chartered Surveyors and the Royal Town Planning Institute. | ||
| 260 |
_aLondon _bRICS _c1996 |
||
| 300 | _a(13)p. ; 30cm. | ||
| 350 | _a4 | ||
| 490 |
_aRICS Memorandum _vPU/REPORT(96)06 |
||
| 520 | _aPrepared in response to a request from the House of Commons Environment Select Committee to submit evidence to its inquiry on the Rural White Paper. | ||
| 650 | _aCOUNTRYSIDE | ||
| 650 |
_aInfrastructure _96246 |
||
| 650 | _aLEISURE | ||
| 650 | _aMARKET TOWNS | ||
| 650 | _aPLANNING POLICY GUIDANCE | ||
| 650 | _aRURAL ECONOMY | ||
| 650 | _aRURAL WHITE PAPER | ||
| 690 | _aRURAL PRACTICE | ||
| 710 |
_aRoyal Town Planning Institute _91206 |
||
| 942 | _n0 | ||
| 948 | _c04/03/1997 | ||
| 999 |
_c98628 _d98628 |
||